000 00466nam a2200181 a 4500
005 20140310183437.0
008 080313s19uu xx 00 eng d
020 _a0743418123
050 _aPZ 7
_b.Od25S40 2001
100 _aOdom, Mel
245 _aDream boat /
_cMel Odom.
260 _aNew York :
_bPocket Books,
_c2001.
300 _a130 p. :
_c18 cm.
440 _aSabrina the teenage witch
_n40
650 _aFiction.
942 _cBK
_2lcc
999 _c22925
_d22925